Spatial and temporal aspects of contraceptive adoption : an analysis of contemporary fertility behavior in Costa Rica /

Bibliographic Details
Main Author: Fridman, Samuel, 1950-
Format: Thesis Microform Book
Language:English
Published: [Place of publication not identified] : [publisher not identified] ; 1984.
Subjects:

MARC

Tag First Indicator Second Indicator Subfields
LEADER 00000cam a2200000 a 4500
001 in00000015138
005 20151007053003.0
007 he amb|||||||
008 880603r19841984miua bb 00010 eng d
035 |a (OCoLC)18035986 
035 |9 AAA9948AM 
040 |a TXA  |c TXA  |d UtOrBLW 
043 |a nccr--- 
049 |a TXAI 
099 |a fiche  |a C  |a 8396 
100 1 |a Fridman, Samuel,  |d 1950- 
245 1 0 |a Spatial and temporal aspects of contraceptive adoption :  |b an analysis of contemporary fertility behavior in Costa Rica /  |c by Samuel Fridman. 
264 1 |a [Place of publication not identified] :  |b [publisher not identified] ;  |c 1984. 
300 |a xi, 319 leaves :  |b illustrations 
336 |a text  |b txt  |2 rdacontent 
337 |a microform  |b h  |2 rdamedia 
338 |a microfiche  |b he  |2 rdacarrier 
502 |b Ph. D.  |c Cornell University  |d 1984. 
500 |a Vita. 
504 |a Bibliography: leaves 306-319. 
533 |a Microfiche.  |b Ann Arbor, Mich. :  |c University Microfilms International,  |d 1984.  |e 4 microfiches ; 11 x 15 cm. 
500 |a Microform. 
650 0 |a Birth control  |z Costa Rica. 
650 0 |a Contraceptives  |z Costa Rica. 
650 0 |a Fertility, Human  |z Costa Rica. 
999 |a MARS 
999 f f |s d8e85307-56a1-3116-adfd-de965afe27bb  |i 182010cf-6923-3474-a877-14a1be0cffb8  |t 0 
952 f f |p normal  |a Texas A&M University  |b College Station  |c Sterling C. Evans Library  |d Evans: Microforms (3rd floor)  |t 0  |e fiche C 8396  |h Other scheme  |i microform -- microfiche  |m A14822821704 
998 f f |a fiche C 8396  |t 0  |l Evans: Microforms (3rd floor)